000 00455nam a2200181Ia 4500
001 9690
005 20260306161737.0
008 260306t2011||||xx |||||||||||||| ||spa||
041 _aESP
082 _a394.2698554
_bZ77
100 _aZink Yi, Paul,
_eAUT
245 0 _aApu Yaya :
_bsemana santa en Ayacucho = Holy week in Ayacucho
260 _c2011
300 _a203 páginas :
_c28 cm.
650 _aGEN
654 _aCHU
942 _cLIB
_dJUS
_fJUS
_2ddc
_n
999 _c9690
_d9690